000 01477nam a2200265 i 4500
003 DO-SdBNP
005 20260513153333.0
007 ta
008 260513e2025 dr a|||gr|||||||| ||spa d
020 _a9789945656626
040 _aDO-SdBNP
_bspa
_cBNPHU
_erda
041 _aspa
082 _bT233p 2025
100 _aTaveras, Víctor Manuel
_989555
_eautor
245 _aPequeña alcancía, grandes inversiones :
_bcómo enseñar finanzas a tus hijos /
_cVíctor Manuel Taveras.
264 _aSanto Domingo, República Dominicana :
_bEditorial Santuario,
_c2025.
300 _a227 páginas :
_bilustraciones ;
_c23 x 15.5 cm.
336 _atexto
_btxt
_2rdacontent
337 _asin mediación
_bn
_2rdamedia
338 _avolumen
_bnc
_2rdacarrier
520 _aQuizá has escuchado hablar del protagonista de esta historia: Se trata de un joven atleta llamado Mike Tyson, lleno de talento, fuerza y sueños de grandeza, pero sin mucha idea de cómo funcionaba el dinero. Desde niño, Mike se visualizaba como campeón mundial, ¡y vaya si lo logró! Con el tiempo, llegó a ganar alrededor de 400 millones de dólares, conquistando los cuadriláteros del mundo. Pero en su infancia, nadie le enseñó a ahorrar, invertir, o planear para el futuro. Para él, el dinero parecía algo infinito, destinado solo para gastar. ¿No era acaso para eso que soñaba con ser campeón?
590 _aInventariado, 2026/WG.
900 _aInventariado, 2026/WG.
942 _2ddc
_cLBS1
999 _c60734
_d60734